Caracterización de uso de biodiversidad en el santuario de flora y fauna Otún-Quimbaya y zonas aledañas (La Suiza y La Florida) (Registro nro. 6587)

Detalles MARC
000 -CABECERA
Campo de control 01995nam a2200265 a 4500
005 - FECHA Y HORA DE LA ULTIMA TRANSACCION
Campo de control 20191224041837.0
008 - ELEMENTOS DE LONGITUD FIJA—INFORMACION GENERAL
Campo de control 140129b2003 ck ||||| |||| 00| 0 spa d
040 ## - FUENTE DE CATALOGACIÓN
Agencia transcriptora CO-BoIH
Agencia catalogadora original CO-BoIAVH
041 ## - IDIOMA
Código de idioma para texto/pista de sonido o título separado Español
044 ## - PAÍS DE PUBLICACIÓN
País de publicación Colombia
090 ## - CLASIFICACIÓN LOCAL
Colección IAVH
Consecutivo 00968
100 ## - ASIENTO PRINCIPAL--NOMBRE PERSONAL
Nombre personal Quiceno, María Paula
9 (RLIN) 1346
245 ## - MENCION DE TITULO
Título Caracterización de uso de biodiversidad en el santuario de flora y fauna Otún-Quimbaya y zonas aledañas (La Suiza y La Florida)
Parte restante del título informe final de resultados
260 ## - PUBLICACION, DISTRIBUCION, ETC. (PIE DE IMPRENTA)
Lugar de publicación, distribución, etc. Bogotá
Nombre del editor, distribuidor, etc. Instituto Alexander von Humboldt
Fecha de publicación, distribución, etc. 2003
300 ## - DESCRIPCION FISICA
Extensión 58 p.
520 ## - NOTA DE RESUMEN, ETC.
Nota de resumen Permite evidenciar los intereses que tienen las comunidades en cuanto al desarrollo de alternativas productivas basadas en el uso de productos silvestres, buscar nuevas oportunidades de manejo de otros recursos o definir estrategias de uso basadas en prácticas actuales que contribuyan a la conservación de estos. Esa tarea requiere el reconocimiento y definición de mecanismos de fortalecimiento de las estructuras culturales y sociales, que promuevan la protección y la transmisión interna del conocimiento referido al uso y manejo de los ecosistemas. En el presente informe se incluyen las caracterizaciones de uso de los recursos, tanto de flora como de fauna, reportados por las comunidades locales, los patrones culturales de uso y técnicas de apropiación del recurso. Se espera además, entender los procesos tradicionales en la relación comunidad - recurso y comunidad - entorno natural para entender las dinámicas de uso de los recursos, indagar acerca de las tradiciones culturales que rodean los recursos y finalmente, identificar las reglas de acceso al mismo
650 ## - ASIENTO SECUNDARIO DE MATERIA - TERMINO TEMATICO
Término temático o nombre geográfico como elemento de entrada Caracterización
9 (RLIN) 92456
650 ## - ASIENTO SECUNDARIO DE MATERIA - TERMINO TEMATICO
Término temático o nombre geográfico como elemento de entrada Uso de biodiversidad
9 (RLIN) 343
662 ## - ASIENTO SECUNDARIO DE MATERIA - JERARQUIA DEL NOMBRE DE LUGAR(
País o entidad mayor Colombia
Jurisdicción política intermedia Santuario de Fauna y Flora Otún - Quimbaya
700 ## - ASIENTO SECUNDARIO - NOMBRE PERSONAL
Nombre personal Angel E., Dafna C.
9 (RLIN) 5639
700 ## - ASIENTO SECUNDARIO - NOMBRE PERSONAL
Nombre personal Vieira M., María Isabel
9 (RLIN) 5640
856 ## - LOCALIZACION Y ACCESO ELECTRONICOS
Identificador Uniforme del Recurso http://hdl.handle.net/20.500.11761/32564
942 ## - ELEMENTOS ADICIONALES (KOHA)
Tipo de ítem Informe Técnico
Sistema de clasificación Local
945 ## - PROCESAMIENTO LOCAL
AAAA-MM-DD - Fecha de ingreso o modificacion 2008-09-16
Existencias
Withdrawn status Lost status Sistema de Clasificación Damaged status No para préstamo Colección Ubicación Permanente Ubicación actual Fecha de adquisición Total Checkouts Número topográfico Inventario / Código de Barras Date last seen Ejemplar Price effective from Tipo de material
    Local     Humboldt Bogotá Bogotá 16/09/2008   IAVH-00968 026392 09/08/2024 Ej. 1 04/12/2012 Informe Técnico